000 03279nam0a22004811 4500
001 RU\NLR\A1\1328
005 20260407090900.0
035 _a(NLR Aleph) 009671482
090 _a9663387
_c9663387
100 _a19961118d1763 m y0rusy50 ca
101 0 _arus
102 _aRU
135 _acrcn 024anaba
140 _ay y aayaa0000
200 1 _aОда ея императорскому величеству всепресветлейшей, державнейшей, великой государыне Екатерине Алексеевне, императрице и самодержице всероссийской,
_fкоторою в торжественный праздник высочайшаго тезоименитства ея величеству всеусерднейшее поздравление приносит всеподаннейший раб Иван Голеневский 1763 года ноября 24 дня.
210 _aВ Санктпетербурге
_cпечатана при Императорской Академии наук
_d[1763]
215 _a[4] c.
_d
306 _aИздано на счет автора.
310 _aТираж 200 экз.
316 _aЭкз. РНБ (18.153.1.143) в обл. из зеленой бумаги. Обл. подклеена по сгибам. На с.[3] и [4] круглый штамп ГПБ. Страницы укреплены, отсутствующие фрагменты страниц восстановлены бумагой верже.
_5NLR: 18.153.1.143
321 1 _aСК XVIII 1472
325 1 _aКопия доступна в электронной библиотеке РНБ
518 1 _aОда ее императорскому величеству всепресветлейшей, державнейшей, великой государыне Екатерине Алексеевне, императрице и самодержице всероссийской,
620 _dСанкт-Петербург
700 1 _4070
_7ca
_8rus
_aГоленевский
_bИ. К.
_f1723-
_gИван Кондратьевич
_9196934
_3RU\NLR\AUTH\770196985
702 0 _4420
_8rus
_7ca
_aЕкатерина
_cимператрица российская
_dII
_f1729-1796
_3RU\NLR\AUTH\772098
_9112115
712 0 2 _4610
_aАкадемическая типография
_cПетербург
_3RU\NLR\AUTH\8815379
_9303965
801 0 _aRU
_bNLR
_c19961118
852 _aNLR
_j18.153.1.143
856 0 _uhttp://vivaldi.nlr.ru/bx000015101/view
856 1 _uhttp://vivaldi.nlr.ru/bx000015101/cover
856 2 _uhttp://vivaldi.nlr.ru/bx000015101/text
899 _aРГБ
899 _aБАН
901 _eКнижные издания
942 _cBOOK
980 _aNB
980 _aA1XVIIIv
981 2 2 _a(22) Материалы по истории России
_b(22) Российский императорский дом
981 2 2 _a(22) Материалы по истории России
_b(22) Культура. Наука. Просвещение.
981 2 0 _a(20) Книжные памятники РНБ